Postaci z Marvela - Statystyki

Ogólne statystyki
  • Ten quiz został rozwiązany 340 razy
  • Średni wynik to 9 z 15
Statystyki odpowiedzi
Podpowiedź Postać % Poprawnych
14. MIAŻDŻY Hulk
91%
4. Było ich trzech (Tobey, Andrew, Tom) Spider-Man
85%
9. Jego rodzice zostali zabici przez Zimowego Żołnierza Iron Man
85%
5. Szop pracz Rocket
84%
2. Najmniejszy Avenger Ant-Man
79%
15. Wyrosło mu trzecie oko Doktor Strange
70%
1. Stracił oko po starciu z szalonym futrzakiem Nick Fury
68%
3. Po stracie rodziny podczas blipu stał się złoczyńcą Hawkeye
64%
10. Za dnia prawnik, w nocy- niewidomy bohater Daredevil
63%
6. Straciła pamięć, a potem stała się superbohaterką Kapitan Marvel
56%
12. Widzi wszystko i otwiera most Heimdall
39%
11. Ta postać toczyła walkę z Namorem Shuri
34%
7. W postać tego bohatera wciela się ten sam aktor, który zagrał pewnego pilota w najnowszej trylogii Gwiezdnych Wojen Moon Knight
23%
8. Jego bronią jest laser w oczach Ikaris
12%
13. Po zniknięciu został odnaleziony w Chinach Mandaryn
2%
Nie znaleziono quizów pasujących do podanych kryteriów
Rozkład punktacji
Procent ludzi z każdym wynikiem
Percentyl według liczby udzielonych odpowiedzi
Twoja historia wyników
Nie rozwiązałeś tego quizu